İstiklal Marşı - Statistics

General Stats
  • This quiz has been taken 128 times
  • The average score is 36 of 41
Answer Stats
Sözleri % Correct
Korkma! Sönmez bu şafaklarda yüzen {al} sancak,
100%
O {benim} milletimin yıldızıdır, parlayacak;
99%
Sönmeden {yurdumun} üstünde tüten en son ocak.
99%
Çatma, kurban olayım, çehreni ey {nazlı} hilal!
97%
Hakkıdır, Hakk’a {tapan} milletimin istiklal!
96%
Kahraman ırkıma bir gül; ne bu {şiddet}, bu celal?
95%
Hangi çılgın bana {zincir} vuracakmış? Şaşarım!
94%
O benimdir, o benim {milletimindir} ancak.
94%
Bastığın yerleri {“toprak”} diyerek geçme, tanı,
93%
Ben {ezelden} beridir hür yaşadım, hür yaşarım,
93%
Sana olmaz dökülen {kanlarımız} sonra helal...
93%
Düşün altındaki binlerce {kefensiz} yatanı.
92%
Garbın afakını sarmışsa çelik {zırhlı} duvar,
92%
Kim bu cennet vatanın uğruna olmaz ki {feda?}
92%
Kükremiş {sel} gibiyim, bendimi çiğner, aşarım,
92%
Verme, dünyaları alsan da bu {cennet} vatanı.
92%
Benim {iman} dolu göğsüm gibi serhaddim var.
91%
Kim bilir, belki {yarın} belki yarından da yakın.
91%
Hakkıdır, Hakk’a tapan milletimin {istiklal!}
89%
Sen {şehit} oğlusun, incitme, yazıktır atanı,
89%
{“Medeniyet”} dediğin tek dişi kalmış canavar?
88%
Şüheda fışkıracak, toprağı {sıksan} şüheda!
88%
{Yırtarım} dağları, enginlere sığmam, taşarım.
88%
Ulusun, {korkma!} Nasıl böyle bir imanı boğar,
87%
Siper et gövdeni, {dursun} bu hayâsızca akın.
86%
{Arkadaş!} Yurduma alçakları uğratma sakın,
85%
Doğacaktır sana vadettiği {günler} Hakk’ın,
85%
Canı, cananı, bütün varımı alsın da {Hüda,}
83%
Değmesin mabedimin göğsüne namahrem {eli.}
83%
Ebediyen sana yok, ırkıma {yok} izmihlal.
82%
Bu ezanlar, ki şehadetleri {dinin} temeli,
81%
Ebedî, yurdumun üstünde benim {inlemeli.}
81%
Olsun artık dökülen kanlarımın hepsi {helal.}
81%
Etmesin tek vatanımdan beni {dünyada} cüda.
80%
Her cerihamdan, İlahî, boşanıp {kanlı} yaşım,
78%
Dalgalan sen de {şafaklar} gibi ey şanlı hilal!
77%
O zaman yükselerek arşa değer belki {başım.}
76%
Fışkırır ruhumücerret gibi {yerden} naaşım,
75%
Hakkıdır, hür yaşamış {bayrağımın} hürriyet;
75%
O zaman {vecd} ile bin secde eder, varsa taşım,
75%
Ruhumun senden {İlahî,} şudur ancak emeli:
75%
No matching quizzes found
Score Distribution
Percent of People with Each Score
Percentile by Number Answered
Your Score History
You have not taken this quiz